Statistics for Umbrella Lyrics

Click here to take the quiz!

General Stats

  • This quiz has been taken 3,740 times
  • The average score is 13 of 15

Answer Stats

HintAnswer% Correct
You can stand under my ________, You can stand under my ________umbrella
97%
Because, when the sun shines, we'll shine ________together
96%
And we'll never be worlds _____apart
96%
Now that it's raining more than ____ever
96%
Know that we'll still have each _____other
96%
Told you I'll be here _______forever
95%
Took an oath, I'ma stick it out till the ___end
95%
You have my _____heart
94%
Said I'll always be a ______friend
93%
Baby, cause in the ____dark
84%
And that's when you need me _____there
84%
Maybe in _________magazines
83%
But you'll still be my ____star
82%
With you I'll always _____share
75%
You can't see _____ ____shiny cars
59%

Score Distribution

Percentile by Number Answered

Percent of People with Each Score

Your Score History

You have not taken this quiz